[Event "XLIV C.to Italiano"]
[Site "Arcidosso ITA"]
[Date "1985.03.??"]
[Round "11"]
[White "Lanzani, Mario"]
[Black "Martorelli, Antonio"]
[Result "1/2-1/2"]
[WhiteElo "2215"]
[BlackElo "2305"]
[PlyCount "81"]
[EventDate "1985.03.23"]

1. e4 c5 2. d4 cxd4 3. c3 Nf6 4. e5 Nd5 5. Nf3 e6 6. cxd4 d6 7. Nc3 Nxc3 8.
bxc3 Qc7 9. Bd2 Nd7 10. exd6 Bxd6 11. Bd3 b6 12. Qe2 Bb7 13. h3 O-O 14. O-O Bf4
15. Bxf4 Qxf4 16. Qe3 Qc7 17. c4 Rad8 18. a4 Bxf3 19. Qxf3 e5 20. Qg3 Qb8 21.
dxe5 Qxe5 22. Qh4 g6 23. Rfe1 Qc3 24. Bf1 Nc5 25. Qe7 a5 26. Rec1 Qd4 27. Ra2
Rfe8 28. Qc7 Re6 29. Be2 Ne4 30. Bf3 Rd7 31. Qc8+ Rd8 32. Qc7 Nd2 33. Bd5 Rxd5
34. cxd5 Re2 35. Qc8+ Kg7 36. Qc3 Re1+ 37. Kh2 Nf1+ 38. Kg1 Nd2+ 39. Kh2 Nf1+
40. Kg1 Qxc3 41. Rxc3 1/2-1/2

[Event "XLIV C.to Italiano"]
[Site "Arcidosso ITA"]
[Date "1985.03.??"]
[Round "11"]
[White "Messa, Roberto"]
[Black "Mantovani, Renzo"]
[Result "1-0"]
[WhiteElo "2285"]
[BlackElo "2230"]
[PlyCount "81"]
[EventDate "1985.03.23"]

1. e4 c5 2. Nf3 d6 3. d4 cxd4 4. Qxd4 Nc6 5. Bb5 Qa5+ 6. Nc3 Bd7 7. Bxc6 Bxc6
8. Bg5 Nf6 9. O-O-O e6 10. Bxf6 gxf6 11. Rhe1 Be7 12. Nd5 Bxd5 13. exd5 Qxa2
14. Qb4 O-O 15. Rd3 Rfc8 16. Nd2 e5 17. Qe4 Qa1+ 18. Nb1 Qa5 19. Red1 Rc5 20.
Rg3+ Kf8 21. Qxh7 Ke8 22. Rg8+ Bf8 23. Rxf8+ Kxf8 24. Qh8+ Ke7 25. Qxa8 Qc7 26.
Rd2 b5 27. Qh8 Rc4 28. Qh3 b4 29. Qb3 a5 30. f3 Qc5 31. Rd1 f5 32. h3 f4 33.
Nd2 Rd4 34. Ne4 Rxd1+ 35. Kxd1 Qg1+ 36. Ke2 a4 37. Qd3 Qc1 38. g4 Qxb2 39. Qc4
b3 40. Qc7+ Kf8 41. Nxd6 1-0

[Event "XLIV C.to Italiano"]
[Site "Arcidosso ITA"]
[Date "1985.03.??"]
[Round "12"]
[White "Ceschia, Ivano"]
[Black "Cocozza, Mario"]
[Result "1/2-1/2"]
[WhiteElo "2215"]
[BlackElo "2295"]
[PlyCount "25"]
[EventDate "1985.03.23"]

1. d4 Nf6 2. Nf3 e6 3. c4 b6 4. g3 Ba6 5. Qc2 Be7 6. Bg2 c6 7. O-O O-O 8. Ne5
Bb7 9. c5 Na6 10. Nd3 d5 11. b4 Nd7 12. Bb2 Nc7 13. Nd2 1/2-1/2

[Event "XLIV C.to Italiano"]
[Site "Arcidosso ITA"]
[Date "1985.03.??"]
[Round "12"]
[White "Gervasi, Giancarlo"]
[Black "Messa, Roberto"]
[Result "0-1"]
[WhiteElo "2245"]
[BlackElo "2285"]
[PlyCount "66"]
[EventDate "1985.03.23"]

1. d4 Nf6 2. Nc3 d5 3. Bg5 e6 4. e4 Bb4 5. exd5 exd5 6. a3 Be7 7. Nf3 O-O 8.
Bd3 Bg4 9. h3 Bh5 10. O-O Nc6 11. Be2 Re8 12. Ne1 Bxe2 13. Nxe2 Ne4 14. Bf4 Bd6
15. Nf3 Re7 16. Re1 Qd7 17. Bxd6 Qxd6 18. Nc1 Rae8 19. Nd3 Nd8 20. c3 b6 21.
Qa4 c6 22. Qc2 g6 23. a4 Ne6 24. Re3 Ng7 25. Rae1 Nf5 26. R3e2 h5 27. Nde5 Kg7
28. Nh2 c5 29. Nef3 cxd4 30. cxd4 Qb4 31. Qc6 Re6 32. Qxd5 Nf6 33. Rxe6 Rxe6
0-1

[Event "XLIV C.to Italiano"]
[Site "Arcidosso ITA"]
[Date "1985.03.??"]
[Round "12"]
[White "Mantovani, Renzo"]
[Black "Gallo, Enrico"]
[Result "1/2-1/2"]
[WhiteElo "2230"]
[BlackElo "2030"]
[PlyCount "103"]
[EventDate "1985.03.23"]

1. e4 Nf6 2. Nc3 d5 3. e5 d4 4. exf6 dxc3 5. fxg7 cxd2+ 6. Bxd2 Bxg7 7. Qh5 Qd4
8. Nf3 Qe4+ 9. Be2 Bg4 10. Qxf7+ Kxf7 11. Ng5+ Ke8 12. Nxe4 Bxe2 13. Kxe2 Bxb2
14. Rab1 Bd4 15. c3 Bb6 16. c4 Na6 17. Rhc1 c5 18. a4 Rb8 19. Rb3 Bc7 20. Rcb1
b6 21. a5 Kd7 22. axb6 Rxb6 23. Rd3+ Kc6 24. Ra1 Nb4 25. Rh3 Nc2 26. Rh6+ e6
27. Rxe6+ Kb7 28. Nxc5+ Kc8 29. Bc3 Rxe6+ 30. Nxe6 Re8 31. Ra2 Rxe6+ 32. Kd1
Ne3+ 33. fxe3 Rxe3 34. Be1 Bxh2 35. Rxa7 Bg3 36. Bd2 Re4 37. Rxh7 Rxc4 38. Rg7
Bh4 39. Ke2 Kd8 40. Bg5+ Ke8 41. Bh6 Bf6 42. Rb7 Be5 43. Kf3 Rc7 44. Rb5 Bd6
45. Rd5 Ba3 46. Rg5 Rc6 47. Rg8+ Kf7 48. Rg7+ Kf6 49. g4 Bc1 50. g5+ Kf5 51.
Rg8 Rc3+ 52. Kg2 1/2-1/2

[Event "XLIV C.to Italiano"]
[Site "Arcidosso ITA"]
[Date "1985.03.??"]
[Round "12"]
[White "Sanna, Gianlazzaro"]
[Black "Belotti, Bruno"]
[Result "1-0"]
[WhiteElo "2365"]
[BlackElo "2270"]
[PlyCount "81"]
[EventDate "1985.03.23"]

1. d4 Nf6 2. c4 g6 3. Nc3 Bg7 4. e4 d6 5. f3 O-O 6. Bg5 Nc6 7. Nge2 Rb8 8. Qd2
a6 9. d5 Na5 10. Nc1 c5 11. a4 Qb6 12. Rb1 e5 13. g4 Nd7 14. Bd3 f6 15. Be3 Qd8
16. b3 Rf7 17. N1e2 Nf8 18. Ng3 Bd7 19. h4 Qc7 20. b4 cxb4 21. Rxb4 b6 22. Qb2
b5 23. cxb5 axb5 24. axb5 f5 25. b6 Qc8 26. gxf5 gxf5 27. Nge2 Ng6 28. Kd2 Nf4
29. Nxf4 exf4 30. Bf2 fxe4 31. fxe4 Nb7 32. Ba6 Qe8 33. Bxb7 Rxb7 34. Rg1 Kf8
35. Rc4 f3 36. Qb4 Be5 37. Ra1 Rg7 38. Ra7 Rg2 39. Nd1 Qb8 40. Qa3 Rxb6 41. Ra8
1-0

[Event "XLIV C.to Italiano"]
[Site "Arcidosso ITA"]
[Date "1985.03.??"]
[Round "12"]
[White "Vallifuoco, Giovanni"]
[Black "Bruno, Fabio"]
[Result "1-0"]
[WhiteElo "2120"]
[BlackElo "2310"]
[PlyCount "74"]
[EventDate "1985.03.23"]

1. d4 Nf6 2. c4 d6 3. Nc3 Nbd7 4. e4 e5 5. Nf3 Be7 6. Be2 O-O 7. O-O c6 8. Re1
Re8 9. Bf1 Bf8 10. h3 Qc7 11. Be3 exd4 12. Bxd4 Nh5 13. Qd2 g6 14. Nh2 f6 15.
Be2 Ng7 16. Ng4 Be7 17. Nh6+ Kf8 18. f4 Nc5 19. f5 Nd7 20. Rf1 Ne5 21. Rf2 Rd8
22. Raf1 g5 23. h4 gxh4 24. Rf4 a6 25. a4 b5 26. axb5 axb5 27. cxb5 c5 28. Nd5
Qa5 29. Bc3 Qa2 30. Rxh4 Bb7 31. Ng4 Bxd5 32. exd5 Ra4 33. Qh6 Rxg4 34. Bxg4
Qxd5 35. Qxh7 Qg8 36. Qh6 Nf7 37. Qf4 37... d5 $136 1-0

[Event "XLIV C.to Italiano"]
[Site "Arcidosso ITA"]
[Date "1985.03.??"]
[Round "12"]
[White "Zichichi, Alvise"]
[Black "Lanzani, Mario"]
[Result "1/2-1/2"]
[WhiteElo "2360"]
[BlackElo "2215"]
[PlyCount "42"]
[EventDate "1985.03.23"]

1. d4 Nf6 2. Nf3 b5 3. a4 b4 4. g3 Bb7 5. Bg2 e6 6. O-O c5 7. c4 bxc3 8. bxc3
Be7 9. Ba3 O-O 10. Nbd2 cxd4 11. cxd4 Bxa3 12. Rxa3 Qe7 13. Rb3 Bd5 14. Rb2 Nc6
15. Qa1 Rab8 16. Rfb1 Qd6 17. e3 Ne4 18. Rxb8 Rxb8 19. Rxb8+ Qxb8 20. Nxe4 Bxe4
21. Ne5 Bxg2 1/2-1/2

[Event "XLIV C.to Italiano"]
[Site "Arcidosso ITA"]
[Date "1985.03.??"]
[Round "13"]
[White "Belotti, Bruno"]
[Black "Mantovani, Renzo"]
[Result "1-0"]
[WhiteElo "2270"]
[BlackElo "2230"]
[PlyCount "49"]
[EventDate "1985.03.23"]

1. g3 e5 2. Bg2 d5 3. d3 Nf6 4. Nf3 Nc6 5. O-O Be7 6. Bg5 Be6 7. Nc3 Qd7 8. e4
d4 9. Ne2 O-O-O 10. Qb1 h6 11. Bd2 Nh7 12. b4 Bf6 13. b5 Ne7 14. a4 Ng5 15. Ne1
Nh3+ 16. Kh1 h5 17. f4 Bg4 18. Nf3 h4 19. fxe5 Bxf3 20. Rxf3 Bg5 21. gxh4 Rxh4
22. Qf1 Rdh8 23. Bxh3 Rxh3 24. Rxh3 Rxh3 25. Bxg5 1-0

[Event "XLIV C.to Italiano"]
[Site "Arcidosso ITA"]
[Date "1985.03.??"]
[Round "13"]
[White "Bruno, Fabio"]
[Black "Ceschia, Ivano"]
[Result "1/2-1/2"]
[WhiteElo "2310"]
[BlackElo "2215"]
[PlyCount "32"]
[EventDate "1985.03.23"]

1. d4 Nf6 2. c4 e6 3. Nf3 d5 4. Nc3 Be7 5. cxd5 exd5 6. Bg5 c6 7. Qc2 O-O 8. e3
Nbd7 9. Bd3 Re8 10. O-O Nf8 11. Rab1 a5 12. a3 g6 13. b4 axb4 14. axb4 Ne6 15.
Bh4 Ng7 16. Bg3 Bf5 1/2-1/2

[Event "XLIV C.to Italiano"]
[Site "Arcidosso ITA"]
[Date "1985.03.??"]
[Round "13"]
[White "Cocozza, Mario"]
[Black "Martorelli, Antonio"]
[Result "1/2-1/2"]
[WhiteElo "2295"]
[BlackElo "2305"]
[PlyCount "22"]
[EventDate "1985.03.23"]

1. e4 e5 2. Nf3 Nc6 3. Bb5 a6 4. Ba4 Nf6 5. O-O Be7 6. Re1 b5 7. Bb3 O-O 8. c3
d6 9. h3 Nb8 10. d4 Nbd7 11. Nbd2 Bb7 1/2-1/2

[Event "XLIV C.to Italiano"]
[Site "Arcidosso ITA"]
[Date "1985.03.??"]
[Round "13"]
[White "Gallo, Enrico"]
[Black "Gervasi, Giancarlo"]
[Result "0-1"]
[WhiteElo "2030"]
[BlackElo "2245"]
[PlyCount "80"]
[EventDate "1985.03.23"]

1. e4 e5 2. Nf3 Nc6 3. Bb5 a6 4. Ba4 f5 5. Nc3 b5 6. Bb3 b4 7. Na4 fxe4 8. Nxe5
Qg5 9. d4 Qxg2 10. Rf1 Nf6 11. Bf4 a5 12. Bf7+ Ke7 13. Bc4 Nd8 14. Qd2 d6 15.
O-O-O Be6 16. Rg1 Qh3 17. Be2 dxe5 18. dxe5 Nd7 19. Rg5 Nf7 20. Bf1 Qh4 21. Bc4
Rd8 22. Bxe6 Ndxe5 23. Bd5 Nf3 24. Qe3 N7xg5 25. Bxc7 Rxd5 26. Rxd5 Ne6 27. Bg3
Qh6 28. Rxa5 Qxe3+ 29. fxe3 Kf6 30. Nb6 Bd6 31. Nd5+ Kg6 32. Ra6 Rd8 33. Rb6
Kf5 34. Nxb4 Bxg3 35. hxg3 h5 36. Nc6 Rd7 37. a4 g5 38. a5 h4 39. gxh4 gxh4 40.
a6 h3 0-1

[Event "XLIV C.to Italiano"]
[Site "Arcidosso ITA"]
[Date "1985.03.??"]
[Round "13"]
[White "Messa, Roberto"]
[Black "Vallifuoco, Giovanni"]
[Result "1/2-1/2"]
[WhiteElo "2285"]
[BlackElo "2120"]
[PlyCount "29"]
[EventDate "1985.03.23"]

1. e4 c5 2. Nf3 Nc6 3. d4 cxd4 4. Nxd4 Nf6 5. Nc3 g6 6. Be3 Bg7 7. Bc4 O-O 8.
f3 d6 9. Qd2 Bd7 10. O-O-O Qa5 11. Kb1 Rac8 12. Bb3 Ne5 13. Nd5 Qxd2 14. Bxd2
Nxd5 15. Bxd5 1/2-1/2